| 000 | 00772nam a2200241Ia 4500 | ||
|---|---|---|---|
| 999 |
_c45197 _d45197 |
||
| 001 | 12020 | ||
| 003 | GE_BSU | ||
| 005 | 20221121122000.0 | ||
| 008 | 181216s2012||||enk|||||||||||||| ||und|| | ||
| 020 | _a9780230621649x | ||
| 040 | _cGE_BSU | ||
| 041 | _aeng | ||
| 080 | _a3.27.7 R-63 | ||
| 100 |
_aRittberger, Volker _915960 |
||
| 245 |
_aInternational Organization _cVolker Rittberger, Bernhard Zangl, Andreas Kruck. |
||
| 250 | _a2 edition | ||
| 264 |
_aNew York : _bPalgrave Macmillan, _c2012. |
||
| 300 |
_a330 p.: _bill.; _c24 cm. |
||
| 653 | _aᲘნტერნაციონალური ორგანიზაცია | ||
| 700 |
_aZangl, Bernhard _eავტორი _915961 |
||
| 700 |
_aKruck, Andreas _eავტორი _915962 |
||
| 942 |
_cBK _2udc |
||